maailman pienimmät valtiot - Statistics

Yleistilastot
  • Tätä visaa on pelattu 37 kertaa
  • Keskiarvotulos 12 / 20
Vastaustilastot
pinta-ala Vastaus % Oikein
0,44 km2 vatikaanivaltio
100%
2,02 km2 monaco
87%
160 km2 liechtenstein
83%
61 km2 san marino
83%
468 km2 andorra
80%
21 km2 nauru
73%
26 km2 tuvalu
73%
316 km2 malta
60%
616 km2 saint lucia
60%
442 km2 antigua ja barbuda
57%
459 km2 palau
57%
430 km2 barbados
53%
344 km2 grenada
47%
389 km2 saint vincent ja grenadiinit
47%
181 km2 marshallinsaaret
43%
261 km2 saint kitts ja nevis
43%
702 km2 mikronesia
40%
300 km2 malediivit
37%
452 km2 seychellit
27%
1300 m2 sealand
7%
Ehtoja vastaavia visoja ei löytynyt
Tulosjakauma
Jokaisen tuloksen saaneiden osuus
Persentiili vastausten määrän mukaan
Tuloshistoriasi
Et ole pelannut tätä visaa